| 000 | 00525nam a22001817a 4500 | ||
|---|---|---|---|
| 005 | 20251108174836.0 | ||
| 008 | 250721s2003 xx 000 0 ara d | ||
| 082 | 1 | 4 | _a347.03/خلي |
| 100 | 1 | _aخليل، أحمد | |
| 245 | 1 | 0 | _aقواعد التحكيم / |
| 264 | 1 |
_aبيروت : _bمنشورات الحلبي الحقوقية، _c2003. |
|
| 300 | _a356ص. | ||
| 650 | 1 | 7 | _aالقانون المدني |
| 650 | 1 | 7 | _aالمحاكمات |
| 650 | 1 | 7 | _aقواعد التحكيم |
| 942 |
_2ddc _cBK |
||
| 999 |
_c119488 _d119488 |
||